Je výhodné zúčastniť sa na súťaži Cena Slovenskej republiky za akosť?

Súťaž hodnotí systém kvality v podnikoch, a to v súlade s normami ISO radu 9000. Hodnotenie výrobkov a služieb. Budovanie systému kvality. Ciele súťaže. Svetový deň kvality. Európska cena za akosť.

Gespeichert in:
Bibliographische Detailangaben
1. Verfasser: Zafka, M.
Format: Buchkapitel
Sprache:Slowakisch
Schlagworte:
Tags: Tag hinzufügen
Keine Tags, Fügen Sie das erste Tag hinzu!

MARC

LEADER 00000naa a2200000 4500
001 r018468
005 20221213095734.4
041 0 |a slo 
044 |a SK 
245 1 0 |a Je výhodné zúčastniť sa na súťaži Cena Slovenskej republiky za akosť?  |c M. Zafka 
520 |a Súťaž hodnotí systém kvality v podnikoch, a to v súlade s normami ISO radu 9000. Hodnotenie výrobkov a služieb. Budovanie systému kvality. Ciele súťaže. Svetový deň kvality. Európska cena za akosť. 
610 2 0 |a Slovensko 
610 2 0 |a kvalita 
610 2 0 |a kvalita výrobkov 
610 2 0 |a služby 
610 2 0 |a výrobky 
610 2 0 |a podnik 
610 2 0 |a normy medzinárodné 
610 2 0 |a ISO 
610 2 0 |a súťaže 
610 2 0 |a EOQ 
610 2 0 |a kvalita 
610 2 0 |a kvalita výrobkov 
100 1 |a Zafka, M.